Cieľ daňovej reformy v SR v rokoch 2004-2006: Tvorba domácich úspor súkromného sektora ako akcelerátora ekonomického rastu

Salvato in:
Dettagli Bibliografici
Autore principale: Kubicová, Jana, 1961-
Natura: Capitolo di libro
Lingua:slovacco
Tags: Aggiungi Tag
Nessun Tag, puoi essere il primo ad aggiungerne!!

MARC

LEADER 00000naa$a2200000$$$4500
001 0062550
005 20240502071715.5
041 0 |a slo 
044 |a SK 
245 1 0 |a Cieľ daňovej reformy v SR v rokoch 2004-2006: Tvorba domácich úspor súkromného sektora ako akcelerátora ekonomického rastu  |c Jana Kubicová 
100 1 |a Kubicová, Jana, 1961-